Rizikové profily poisťovní a bánk v regulovanom prostredí
Súčasný stav regulačného prostredia na európskej úrovni. Kapitálové požiadavky v poisťovníctve. Regulácia v bankovníctve a riziko likvidity v rámci novej regulácie. Transparentnosť a rozdiely rizikových profilov v poisťovníctve a bankovníctve.
Salvato in:
| Autore principale: | |
|---|---|
| Natura: | Capitolo di libro |
| Lingua: | slovacco |
| Soggetti: | |
| Tags: |
Nessun Tag, puoi essere il primo ad aggiungerne!!
|
MARC
| LEADER | 00000nla a2200000 4500 | ||
|---|---|---|---|
| 001 | 0239692 | ||
| 005 | 20240502073903.1 | ||
| 041 | 0 | |a slo | |
| 044 | |a SK | ||
| 245 | 1 | 0 | |a Rizikové profily poisťovní a bánk v regulovanom prostredí |c Magdaléna Kubranová |
| 520 | |a Súčasný stav regulačného prostredia na európskej úrovni. Kapitálové požiadavky v poisťovníctve. Regulácia v bankovníctve a riziko likvidity v rámci novej regulácie. Transparentnosť a rozdiely rizikových profilov v poisťovníctve a bankovníctve. | ||
| 610 | 2 | 0 | |a banky |
| 610 | 2 | 0 | |a poisťovne |
| 610 | 2 | 0 | |a regulácia finančná |
| 610 | 2 | 0 | |a riziko |
| 610 | 2 | 0 | |a riziko trhové |
| 610 | 2 | 0 | |a riziko poistné |
| 610 | 2 | 0 | |a likvidita |
| 610 | 2 | 0 | |a kapitál |
| 610 | 2 | 0 | |a Európska únia |
| 610 | 2 | 0 | |a inštitúcie finančné |
| 610 | 2 | 0 | |a transparentnosť |
| 100 | 1 | |a Kubranová, Magdaléna, 1956- | |